FAMOUS PLACES IN THE UK - Statistics

General Stats
  • This quiz has been taken 89 times
  • The average score is 4 of 15
Answer Stats
Hint Answer % Correct
. LONDON
82%
. MANCHESTER
53%
. EDINBURGH
49%
. STONEHENGE
42%
. BIG BEN
39%
.. CARDIFF
25%
. SCOTLAND
21%
. WALES
18%
. LONDON EYE
17%
. TOWER OF LONDON
16%
. LONDON BRIDGE
10%
. ENGLAND
6%
. SHAR
5%
. BUKEMHAM PALACE
0%
. WINSER CASTLE
0%
No matching quizzes found
Score Distribution
Percent of People with Each Score
Percentile by Number Answered
Your Score History
You have not taken this quiz